Príspevok k anlýze a syntéze hydrostatických systémov metódou Petriho sietí. (Príspevok k optimalizácii hydraulických systémov-ašp.minimum). /
Saved in:
| Main Author: | |
|---|---|
| Format: | Manuscript Book |
| Published: |
Bratislava :
SVŠT v Bratislave SjF,
1988
|
| Tags: |
No Tags, Be the first to tag this record!
|
MARC
| LEADER | 00000ntm a22000003a 4500 | ||
|---|---|---|---|
| 001 | stu47904 | ||
| 005 | 20150617225710.6 | ||
| 008 | ------s1988----cs----------------------d | ||
| 040 | |a STU |b slo | ||
| 041 | 0 | ||
| 044 | |a cs | ||
| 080 | |a 519.711.7 |7 stu_us_auth*stu9893 | ||
| 080 | |a 621.221 |7 stu_us_auth*stu15142 | ||
| 100 | 1 | |a Balog, Michal |4 aut | |
| 245 | 1 | |a Príspevok k anlýze a syntéze hydrostatických systémov metódou Petriho sietí. (Príspevok k optimalizácii hydraulických systémov-ašp.minimum). / |c [aut.] Balog,Michal | |
| 260 | |a Bratislava : |b SVŠT v Bratislave SjF, |c 1988 | ||
| 300 | |a 83 |c 25 s | ||
| 996 | |b J81414 |c J*81414-81415/DIZ. |l JJSK |s A |a 24 |w stu47904_0001 | ||
| 996 | |b J81415 |c J*81414-81415/DIZ. |l JJSK |s A |a 24 |w stu47904_0002 | ||